=LDR 00000nam 2200000 4500 =001 INLIS000000000002572 =005 20130612090910 =008 ***********************************Ind** =035 ##$$0010-061300000002572 =041 ##$$a Ind =082 ##$$a 613.85 =090 ##$$a 616.85, Arm p =100 ##$$a Armstrong, Sue =245 ##$$a Pengaruh rokok terhadap kesehatan, Sue Armstrong; Alih bahasa, Meitasari Tjandrasa =260 ##$$a 1992 $b Jakarta =300 ##$$a 50 hlm, ilus, 19 cm =650 ##$$a Rokok =650 ##$$a Aspek Kesehatan =700 ##$$a Candrasa, Meitasari =850 ##$$a NBPNMAT